Southville International School and Colleges
Your cart is empty.
  • Cart
  • Lists
    Public lists Eva Luna New books Lux_list list_1
    Your lists Log in to create your own lists
  • Log in to your account
  • Your cookies
  • Search history
Southville International School and Colleges
  • Advanced search
  • Recent comments
  • Most popular
  • Libraries

Log in to your account

Log in with GOOGLE


If you do not have an external account, but do have a local account, you can still log in:

  1. Home
  2. MARC view: Oh, yuck! :
Normal view MARC view ISBD view

Oh, yuck! : (Record no. 33966)

[ view plain ]
MARC details
000 -LEADER
fixed length control field 01478cam a2200373 a 4500
001 - CONTROL NUMBER
control field 11769285
003 - CONTROL NUMBER IDENTIFIER
control field OSt
005 - DATE AND TIME OF LATEST TRANSACTION
control field 20140310184352.0
008 - FIXED-LENGTH DATA ELEMENTS--GENERAL INFORMATION
fixed length control field 990802s2000 nyua j bef 001 0 eng
010 ## - LIBRARY OF CONGRESS CONTROL NUMBER
LC control number 99043603
020 ## - INTERNATIONAL STANDARD BOOK NUMBER
International Standard Book Number 9780439702119
035 ## - SYSTEM CONTROL NUMBER
System control number (DLC) 99043603
040 ## - CATALOGING SOURCE
Original cataloging agency DLC
Transcribing agency DLC
Modifying agency DLC
042 ## - AUTHENTICATION CODE
Authentication code lcac
050 00 - LIBRARY OF CONGRESS CALL NUMBER
Classification number AG 105
Item number .M428 2000
100 1# - MAIN ENTRY--PERSONAL NAME
Personal name Masoff, Joy,
Dates associated with a name 1951-
9 (RLIN) 25280
245 10 - TITLE STATEMENT
Title Oh, yuck! :
Remainder of title the encyclopedia of everything nasty /
Statement of responsibility, etc by Joy Masoff ; illustrated by Terry Sirrell.
246 30 - VARYING FORM OF TITLE
Title proper/short title Encyclopedia of everything nasty
260 ## - PUBLICATION, DISTRIBUTION, ETC. (IMPRINT)
Place of publication, distribution, etc New York :
Name of publisher, distributor, etc Workman Pub.,
Date of publication, distribution, etc 2000.
300 ## - PHYSICAL DESCRIPTION
Extent 40 p. :
Other physical details ill. ;
Dimensions 26 cm.
500 ## - GENERAL NOTE
General note Includes bibliographical references (p. 203-204) and index.
521 ## - TARGET AUDIENCE NOTE
Target audience note
526 ## - STUDY PROGRAM INFORMATION NOTE
Reading level 950
650 #0 - SUBJECT ADDED ENTRY--TOPICAL TERM
Topical term or geographic name as entry element Handbooks, vade-mecums, etc.
General subdivision Juvenile literature.
9 (RLIN) 25281
650 #0 - SUBJECT ADDED ENTRY--TOPICAL TERM
Topical term or geographic name as entry element Aversion
General subdivision Miscellaneous
-- Encyclopedias, Juvenile.
9 (RLIN) 25282
650 #0 - SUBJECT ADDED ENTRY--TOPICAL TERM
Topical term or geographic name as entry element Aversion
General subdivision Encyclopedias, Juvenile.
9 (RLIN) 25283
650 #1 - SUBJECT ADDED ENTRY--TOPICAL TERM
Topical term or geographic name as entry element Curiosities and wonders.
9 (RLIN) 21910
700 1# - ADDED ENTRY--PERSONAL NAME
Personal name Sirrell, Terry,
Relator term ill.
9 (RLIN) 25284
856 42 - ELECTRONIC LOCATION AND ACCESS
Materials specified Publisher description
Uniform Resource Identifier <a href="http://www.loc.gov/catdir/enhancements/fy0666/99043603-d.html">http://www.loc.gov/catdir/enhancements/fy0666/99043603-d.html</a>
906 ## - LOCAL DATA ELEMENT F, LDF (RLIN)
a 7
b cbc
c orignew
d 1
e ocip
f 19
g y-gencatlg
942 ## - ADDED ENTRY ELEMENTS (KOHA)
Source of classification or shelving scheme Library of Congress Classification
Koha item type
Holdings
Withdrawn status Lost status Source of classification or shelving scheme Damaged status Home library Current library Shelving location Date acquired Total Checkouts Full call number Barcode Date last seen Copy number Price effective from Koha item type
    Library of Congress Classification   Luxembourg Library Luxembourg Library Scholastic Reading Center Section 10/07/2013   AG 105 .M428 2000 LEX0355 04/18/2017 1 10/07/2013 Books

Oh, yuck! :

APA

Masoff J., Sirrell T., . (2000). Oh, yuck!. New York: Workman Pub.

Chicago

Masoff Joy, Sirrell Terry, . 2000. Oh, yuck!. New York: Workman Pub.

Harvard

Masoff J., Sirrell T., . (2000). Oh, yuck!. New York: Workman Pub.

MLA

Masoff Joy, Sirrell Terry, . Oh, yuck!. New York: Workman Pub. 2000.

  • Place hold
  • Print
  • Cite
  • Add to your cart (remove)
  • Save record
    BIBTEX Dublin Core MARCXML MARC (non-Unicode/MARC-8) MARC (Unicode/UTF-8) MARC (Unicode/UTF-8, Standard) MODS (XML) RIS
  • More searches
    Search for this title in:
    Other Libraries (WorldCat) Other Databases (Google Scholar) Online Stores (Bookfinder.com) Open Library (openlibrary.org)

Exporting to Dublin Core...

SOUTHVILLE LIBRARY

Southville International School and Colleges Library

1281 Tropical Ave. Cor. Luxembourg St., BF Homes International, Las Pinas City

Tel. No. 8256374 / 252358 Loc. 117/146

Powered by Koha